| 000 | 00897nam a2200277Ia 4500 | ||
|---|---|---|---|
| 001 | Para_194 | ||
| 003 | CHAP | ||
| 008 | 220125s1992 xx 000 0 und d | ||
| 010 | _a198796 | ||
| 040 | _cCHAP | ||
| 090 | _aPA FOLLETO 3163 | ||
| 100 |
_aCarbajal Portillo, Pedro _9164094 |
||
| 245 |
_aReconocimiento, manejo y control de mosca blanca : _b una orientacion para los cultivadores de tomate / _c por Pedro Carbajal Portillo y Ma. Cristina Rivera Lanza |
||
| 260 |
_aHonduras : _b Departamento de Investigación AgrÃcola Regional |
||
| 300 | _a15 p. | ||
| 650 |
_aBemisia tabaci _911496 |
||
| 650 |
_aTomate _x plagas _9113748 |
||
| 700 |
_aI. Rivera Lanza, Ma. Cristina _9164095 |
||
| 901 | _aPA FOLLETO 3163 | ||
| 902 | _aA | ||
| 905 | _a0000001992 a 0000000000 00 | ||
| 910 | _a1992 | ||
| 942 | _cPARA | ||
| 942 |
_cPARA _d1 |
||
| 999 |
_c198796 _d198796 |
||